MARC details
| 000 -CABECERA |
| campo de control de longitud fija |
01739pam a2200385 a 4500 |
| 001 - NÚMERO DE CONTROL |
| campo de control |
000011187 |
| 005 - FECHA Y HORA DE LA ÚLTIMA TRANSACCIÓN |
| campo de control |
20200929162401.0 |
| 008 - DATOS DE LONGITUD FIJA--INFORMACIÓN GENERAL |
| campo de control de longitud fija |
841029s1985 nyua b 101 0 eng c |
| 020 ## - NÚMERO INTERNACIONAL ESTÁNDAR DEL LIBRO |
| ISBN cancelado o inválido |
0881670715 |
| 020 ## - NÚMERO INTERNACIONAL ESTÁNDAR DEL LIBRO |
| ISBN cancelado o inválido |
0881670561 |
| 035 ## - NÚMERO DE CONTROL DEL SISTEMA |
| Número de control de sistema |
(DLC) 84024901 |
| 040 ## - FUENTE DE LA CATALOGACIÓN |
| Centro catalogador/agencia de origen |
DO-SdBNP |
| Lengua de catalogación |
spa |
| Centro/agencia transcriptor |
BNPHU |
| Centro/agencia modificador |
DLC |
| 050 00 - SIGNATURA TOPOGRÁFICA DE LA BIBLIOTECA DEL CONGRESO |
| Número de clasificación |
QP376 |
| Número de documento/Ítem |
.N64 1983 |
| 082 ## - NÚMERO DE LA CLASIFICACIÓN DECIMAL DEWEY |
| Número de clasificación |
612/.822 |
| Número de edición |
19 |
| 049 ## - FONDOS LOCALES (OCLC) |
| Fondos de biblioteca |
BNGR |
| 111 1# - ENTRADA PRINCIPAL--NOMBRE DE CONGRESO/REUNIÓN |
| Nombre de congreso/reunión o jurisdicción como elemento de entrada |
Nobel Conference (Karolinska institutet) |
| Número del congreso/reunión o número de parte o sección |
(7ma. : |
| Fecha del congreso/reunión |
1983 : |
| Sede del congreso/Lugar de la reunión |
Saltsjobaden, Suecia) |
| 9 (RLIN) |
26728 |
| 245 14 - MENCIÓN DE TÍTULO |
| Título |
The metabolism of the human brain studied with positron emission tomography / |
| Mención de responsabilidad, etc. |
editores Torgny Greitz, David H. Ingvar yLennart Widen. |
| 260 ## - PUBLICACIÓN, DISTRIBUCIÓN, ETC. |
| Lugar de publicación, distribución, etc. |
New York : |
| Nombre del editor, distribuidor, etc. |
Raven Press, |
| Fecha de publicación, distribución, etc. |
c1985. |
| 300 ## - DESCRIPCIÓN FÍSICA |
| Extensión |
xxvi, 507 p. : |
| Otras características físicas |
il. ; |
| Dimensiones |
25 cm. |
| 500 ## - NOTA GENERAL |
| Nota general |
"Sobre la base de los trabajos de la Conferencia Nobel de sesiones, celebrado en Saltsjobaden, Suecia, 17-20 de mayo, 1983 "- Tp verso. |
| 500 ## - NOTA GENERAL |
| Nota general |
Los patrocinadores de la reunión, la Asamblea Nobel del Instituto Karolinska, ... [et al.] "- P. enfrenta T.P. |
| 504 ## - NOTA DE BIBLIOGRAFÍA, ETC. |
| Nota de bibliografía, etc. |
Incluye referencias bibliográficas e índice. |
| 650 #0 - PUNTO DE ACCESO ADICIONAL DE MATERIA--TÉRMINO DE MATERIA |
| Término de materia o nombre geográfico como elemento de entrada |
Brain chemistry |
| Subdivisión general |
Congresses. |
| 9 (RLIN) |
26729 |
| 650 #0 - PUNTO DE ACCESO ADICIONAL DE MATERIA--TÉRMINO DE MATERIA |
| Término de materia o nombre geográfico como elemento de entrada |
Energy metabolism |
| Subdivisión general |
Congresses. |
| 9 (RLIN) |
26730 |
| 650 #0 - PUNTO DE ACCESO ADICIONAL DE MATERIA--TÉRMINO DE MATERIA |
| Término de materia o nombre geográfico como elemento de entrada |
Tomography, emission |
| Subdivisión general |
Congresses. |
| 9 (RLIN) |
26731 |
| 650 #0 - PUNTO DE ACCESO ADICIONAL DE MATERIA--TÉRMINO DE MATERIA |
| Término de materia o nombre geográfico como elemento de entrada |
Brain |
| Subdivisión general |
Diseases |
| -- |
Diagnosis |
| -- |
Congresses. |
| 9 (RLIN) |
26732 |
| 650 #2 - PUNTO DE ACCESO ADICIONAL DE MATERIA--TÉRMINO DE MATERIA |
| Término de materia o nombre geográfico como elemento de entrada |
Brain |
| Subdivisión general |
Metabolism |
| -- |
Congresses. |
| 9 (RLIN) |
26733 |
| 650 #2 - PUNTO DE ACCESO ADICIONAL DE MATERIA--TÉRMINO DE MATERIA |
| Término de materia o nombre geográfico como elemento de entrada |
Brain |
| Subdivisión general |
Radionuclide imaging |
| -- |
Congresses. |
| 9 (RLIN) |
26734 |
| 650 #2 - PUNTO DE ACCESO ADICIONAL DE MATERIA--TÉRMINO DE MATERIA |
| Término de materia o nombre geográfico como elemento de entrada |
Tomography, emission computed |
| Subdivisión general |
Congresses. |
| 9 (RLIN) |
26735 |
| 700 1# - PUNTO DE ACCESO ADICIONAL--NOMBRE DE PERSONA |
| Nombre de persona |
Greitz, Torgny Valdemar Bernhard, |
| Fechas asociadas al nombre |
1921- |
| Término indicativo de función/relación |
ed. |
| 9 (RLIN) |
26736 |
| 700 1# - PUNTO DE ACCESO ADICIONAL--NOMBRE DE PERSONA |
| Nombre de persona |
Ingvar, David H., |
| Término indicativo de función/relación |
ed. |
| 9 (RLIN) |
26737 |
| 700 1# - PUNTO DE ACCESO ADICIONAL--NOMBRE DE PERSONA |
| Nombre de persona |
Widen, Lennart. |
| Término indicativo de función/relación |
ed. |
| 9 (RLIN) |
26738 |
| 710 2# - PUNTO DE ACCESO ADICIONAL--NOMBRE DE ENTIDAD CORPORATIVA |
| Nombre de entidad corporativa o nombre de jurisdicción como elemento de entrada |
Karolinska institutet. |
| Unidad subordinada |
Nobel Assembly. |
| 9 (RLIN) |
26739 |
| 910 ## - DATOS DE OPCIÓN DEL USUARIO (OCLC) |
| Datos de opción del usuario |
Catalogación por copia / LC |